000 00519nam a2200193Ia 4500
003 LDD
008 181029s9999 xx 000 0 und d
020 _a9781857434
_cP 480.00
040 _cLDD
245 4 _aThe Europa world of learning 2007
250 _a57th ed.
260 _aLondon
_bRoutledge
_c2006
300 _aV.I A-M, V
365 _bP 480.00
901 _a3507
_b21-11-2006
902 _aIN2458
_b21-11-2006
_cF
_dSB
_e0
903 _aDiscount-10
_bReqst by : Dr.( Mrs.)Neela Jagannathan
942 _2ddc
_cBK
999 _c76472
_d76472